Aprendo las formas / (Record no. 29453)

MARC details
000 -LEADER
fixed length control field 00558 a2200205 4500
001 - CONTROL NUMBER
control field sjds
003 - CONTROL NUMBER IDENTIFIER
control field sjds
005 - DATE AND TIME OF LATEST TRANSACTION
control field 20240423195839.0
008 - FIXED-LENGTH DATA ELEMENTS--GENERAL INFORMATION
fixed length control field 240423b |||||||| |||| 00| 0 spa d
020 ## - INTERNATIONAL STANDARD BOOK NUMBER
International Standard Book Number 9788466214193
020 ## - INTERNATIONAL STANDARD BOOK NUMBER
International Standard Book Number 8466214194
040 ## - CATALOGING SOURCE
Transcribing agency sjds
041 ## - LANGUAGE CODE
Language code of text/sound track or separate title spa
110 ## - MAIN ENTRY--CORPORATE NAME
Corporate name or jurisdiction name as entry element Raton Sabio
245 ## - TITLE STATEMENT
Title Aprendo las formas /
Statement of responsibility, etc. Raton Sabio
260 ## - PUBLICATION, DISTRIBUTION, ETC. (IMPRINT)
Place of publication, distribution, etc. Madrid :
Name of publisher, distributor, etc. Editorial Libsa,
Date of publication, distribution, etc. 2011
300 ## - PHYSICAL DESCRIPTION
Extent 1 volume (sin paginacion) :
Other physical details il. color ;
Dimensions 21 cm
440 ## - SERIES STATEMENT/ADDED ENTRY--TITLE
Title Mi primer libro electronico de preguntas y respuestas
Number of part/section of a work vol 4
942 ## - ADDED ENTRY ELEMENTS (KOHA)
Koha item type Libro/Book
Holdings
Withdrawn status Lost status Damaged status Not for loan Home library Current library Date acquired Total Checkouts Barcode Checked out Date last seen Date checked out Price effective from Koha item type
        San Juan Del Sur -- Mobile La Cuesta 18/04/2024 3 33016197 18/07/2024 13/06/2024 13/06/2024 18/04/2024 Libro/Book

Powered by Koha